| 000 | 00395nam a2200121 4500 | ||
|---|---|---|---|
| 008 | 240305b |||||||| |||| 00| 0 eng d | ||
| 082 |
_a341.485493 _bHUM |
||
| 110 | _aHuman rights commisison of Sri Lanka | ||
| 245 |
_aThe human rights situation in the Eastern province-update: _b(April 2005) |
||
| 260 |
_aColombo: _bHuman Rights Commission, _c2005 |
||
| 650 | _aHUMAN RIGHTS-Sri Lanka | ||
| 942 | _cRP | ||
| 999 |
_c4839 _d4839 |
||